000
00324nam a22001457a 4500
003
SGT
020
_a
9788189619428
082
_a
340,SAR
100
_a
SARKARS
245
_a
FRSR TRAVELLING ALLOWANCE
260
_a
ALLHABAD
_b
DWIVEDI LAW AGENCY
_c
2010
300
_a
288
650
_a
TRAVELLING ALLOWANCE
942
_2
ddc
_c
BK
999
_c
10385
_d
10385